| 000 | 00463 a2200157 4500 | ||
|---|---|---|---|
| 005 | 20250430144612.0 | ||
| 020 | _a0-07-249446-8 | ||
| 082 | _aLECT 150.72 SHA | ||
| 100 | _aSHAUGHNESSY, J. J. | ||
| 245 | _aResearch Methods in Psychology | ||
| 250 | _a6th Ed. | ||
| 260 |
_aBoston, _bMcgraw- Hill, _c2003. |
||
| 300 |
_axvi,543p,: ill.; figure, picture and table. _bIndex & Reference. _c25cm. |
||
| 700 | _aZECHMEISTER, E. B & ZECHMEISTER, J. S. | ||
| 942 |
_2ddc _cBKS |
||
| 999 |
_c1842 _d1842 |
||